Datum a čas kvízu
29
Celkem bodů
Celkový počet nahraných bodů na tomto kvízu bez doplňovacích otázek.
6.
Pořadí na kvízu
Konečné umístění týmu na tomto kvízu.
Zaznamenané odpovědi
| # | Otázka | Odpověď | Body | Výsledky |
|---|---|---|---|---|
| 1. | V pondělí odhalil český prezid... | C) ze skla | 1 | |
| 2. | Donald Trump a technika se na... | eskalátor | 0 | |
| 3. | Do televizní reality show Love... | o Daru Rolins | 1 | |
| 4. | Ve které evropské zemi nově po... | v Itálii | 1 | |
| 5. | Který divizní tým vyřadil minu... | (FK) Nové Sady | 0 | |
| 6. | Gesto, které vidíme na obrázku... | 1B 2C 3A 4D | 0 | |
| 7. | Gesto na obrázku znamená v mno... | o stoletou válku | 0 | |
| 8. | Sheldon Cooper v Teorii velkéh... | papír a tapír (ještěr) | 0.5 | |
| 9. | Která dvě písmena české dvouru... | B, N | 0.5 | |
| 10. | Na výřezu z obrazu francouzské... | paroháč (že je mu žena nevěrná) | 0 |